000 00337nam a2200121Ia 4500
008 240624s9999 xx 000 0 und d
041 _aeng
082 _a658.1 ARZ
100 _aARZAC ENRIQUE R
245 _aVALUATION FOR MERGERS BUYOUTS AND RESTRU
260 _c2005
_aNew Delhi
_bJohn Wiley and Sons
300 _axiv, : 281 : p. : cm. ; 23
999 _c4954
_d4954